000 00646nam a2200205 a 4500
001 000026592
005 20240530073919.0
008 090701s2010 dr 000 f spa d
020 _a9789945460902
040 _aDO-SdBNP
_bspa
_cBNPHU
082 _aRD863.44
_bD325f, 2010
100 1 _aDeive, Carlos Esteban,
_d1935-2019
_91916
245 1 3 _aEl festín de los generales /
_cCarlos Esteban Deive.
260 _aSanto Domingo :
_bSantuario,
_c2010.
300 _a97 p. ;
_c21 cm.
590 _aInventariado, 2019/MFF
650 0 _aNovela dominicana
_9223
650 0 _aLiteratura dominicana.
_967
910 _aValidado. Control de calidad MMOLINA
999 _c26084
_d26084